000 00503nam a2200193 a 4500
001 1767515828909
003 YourLibrary
005 20260105104359.0
008 260104s2005##################000#0#eng##
020 _a9781850439455
082 0 4 _a299.31
_bSHA
100 1 _aArnold, Dieter,
_eauthor.
245 1 0 _aTemples of Ancient Egypt :
260 _bI. B. Tauris,
_c2005.
300 _a335 pages
650 0 _aArchitecture, Ancient.
942 _cENGLISH
040 _aYourLibrary
_beng
_cYourLibrary
999 _c607189
_d607189